ELT methodology / (Record no. 200468082)

MARC details
000 -LEADER
fixed length control field 01104cam a2200337 i 4500
001 - CONTROL NUMBER
control field 200468082
003 - CONTROL NUMBER IDENTIFIER
control field TR-AnTOB
005 - DATE AND TIME OF LATEST TRANSACTION
control field 20260413155155.0
007 - PHYSICAL DESCRIPTION FIXED FIELD--GENERAL INFORMATION
fixed length control field ta
008 - FIXED-LENGTH DATA ELEMENTS--GENERAL INFORMATION
fixed length control field 110726s2007 tu 000 0 tur d
020 ## - INTERNATIONAL STANDARD BOOK NUMBER
International Standard Book Number 9756802995
040 ## - CATALOGING SOURCE
Original cataloging agency TR-AnTOB
Language of cataloging eng
Description conventions rda
Transcribing agency TR-AnTOB
041 0# - LANGUAGE CODE
Language code of text/sound track or separate title İngilizce
044 ## - COUNTRY OF PUBLISHING/PRODUCING ENTITY CODE
ISO country code tu
050 00 - LIBRARY OF CONGRESS CALL NUMBER
Classification number PE1128
Item number .D46 2007
090 00 - LOCALLY ASSIGNED LC-TYPE CALL NUMBER (OCLC); LOCAL CALL NUMBER (RLIN)
Classification number (OCLC) (R) ; Classification number, CALL (RLIN) (NR) PE1128
Local cutter number (OCLC) ; Book number/undivided call number, CALL (RLIN) .D46 2007
100 ## - MAIN ENTRY--PERSONAL NAME
Personal name Demirel, Özcan
Relator term author
9 (RLIN) 9525
245 1# - TITLE STATEMENT
Title ELT methodology /
Statement of responsibility, etc. Özcan Demirel
250 ## - EDITION STATEMENT
Edition statement 4. Baskı: Ağustos 2007
264 #1 - PRODUCTION, PUBLICATION, DISTRIBUTION, MANUFACTURE, AND COPYRIGHT NOTICE
Place of production, publication, distribution, manufacture Ankara :
Name of producer, publisher, distributor, manufacturer Pegem Akademi Yayıncılık,
Date of production, publication, distribution, manufacture, or copyright notice 2007.
300 ## - PHYSICAL DESCRIPTION
Extent v, 242 pages ;
Dimensions 24 cm.
336 ## - CONTENT TYPE
Content type term text
Content type code txt
Source rdacontent
337 ## - MEDIA TYPE
Media type term unmediated
Media type code n
Source rdamedia
338 ## - CARRIER TYPE
Carrier type term volume
Carrier type code nc
Source rdacarrier
650 #0 - SUBJECT ADDED ENTRY--TOPICAL TERM
Topical term or geographic name entry element English language
General subdivision Grammar
9 (RLIN) 20055
Topical term or geographic name entry element English language
Form subdivision Textbooks for foreign speakers
General subdivision Business English
9 (RLIN) 67636
Topical term or geographic name entry element İngiliz dili
General subdivision Dil bilgisi
Form subdivision Problemler, alıştırmalar vb.
Source of heading or term etuturkob
9 (RLIN) 51740
Topical term or geographic name entry element İngiliz dili
Form subdivision Ders kitapları, Yabancılar için
Source of heading or term etuturkob
9 (RLIN) 17653
942 ## - ADDED ENTRY ELEMENTS (KOHA)
Source of classification or shelving scheme Library of Congress Classification
Koha item type Book
Holdings
Withdrawn status Lost status Source of classification or shelving scheme Damaged status Not for loan Collection code Home library Current library Shelving location Date acquired Source of acquisition Inventory number Total Checkouts Full call number Date last seen Copy number Date shelved Koha item type Public note
    Library of Congress Classification Kullanılmış / Used Ödünç verilemez-İşlemde / Not for loan-In process Genel Koleksiyon Merkez Kütüphane Merkez Kütüphane Genel Koleksiyon / Main Collection 23/03/2026 Bağış / Donation İDE   PE1128 .D46 2007 13/04/2026 1 13/04/2026 Book Donated by Gülper Güvenç
Devinim Yazılım Eğitim Danışmanlık tarafından Koha'nın orjinal sürümü uyarlanarak geliştirilip kurulmuştur.